000 00346nam a22001217a 4500
008 180522b xxu||||| |||| 00| 0 eng d
041 _aeng
080 _a043.3
100 _a0
101 _aMBE-MA
245 _aRole of Public Procurement and Contract Management in Value Creation and Growht: Case Study of Kosovo
_cMehmetaj, F
942 _2udc
_cBK
999 _c46206
_d46206